Cambia ahora! : Cinco pasos para un mejor liderazgo /

Bibliographic Details
Main Author: Scisco, Peter, (Author)
Format: eBook
Language:Spanish
Published: Greensboro, North Carolina : Center for Creative Leadership, 2016.
Subjects:
Online Access:Click to View
LEADER 01523nam a2200361 i 4500
001 EBC5496927
003 MiAaPQ
005 20200520144314.0
006 m o d |
007 cr cnu||||||||
008 180921s2016 ncu o 000 0 spa d
020 |z 9781604911855 
020 |a 9781604918786  |q (electronic bk.) 
035 |a (MiAaPQ)EBC5496927 
035 |a (Au-PeEL)EBL5496927 
035 |a (OCoLC)1050755359 
040 |a MiAaPQ  |b eng  |e rda  |e pn  |c MiAaPQ  |d MiAaPQ 
050 4 |a HD57.7  |b .S357 2016 
082 0 |a 658.4092  |2 23 
100 1 |a Scisco, Peter,  |e author. 
245 1 0 |a Cambia ahora! :  |b Cinco pasos para un mejor liderazgo /  |c Peter Scisco [and three others]. 
264 1 |a Greensboro, North Carolina :  |b Center for Creative Leadership,  |c 2016. 
300 |a 1 online resource (120 pages) 
336 |a text  |b txt  |2 rdacontent 
337 |a computer  |b c  |2 rdamedia 
338 |a online resource  |b cr  |2 rdacarrier 
588 |a Description based on print version record. 
590 |a Electronic reproduction. Ann Arbor, MI : ProQuest, 2018. Available via World Wide Web. Access may be limited to ProQuest affiliated libraries. 
650 0 |a Leadership. 
655 4 |a Electronic books. 
776 0 8 |i Print version:  |a Scisco, Peter.  |t Cambia ahora! : Cinco pasos para un mejor liderazgo.  |d Greensboro, North Carolina : Center for Creative Leadership, 2016   |h 120 pages   |z 9781604911855 
797 2 |a ProQuest (Firm) 
856 4 0 |u https://ebookcentral.proquest.com/lib/matrademy/detail.action?docID=5496927  |z Click to View